000 00457nam a2200169Ia 4500
008 151021s9999 xx 000 0 und d
020 _a72320427
050 _aQR41.2.T35 2002
245 _a_Foundations in Microbiology [4th ed.]
260 _aUSA McGraw-Hill 2002
300 _axxix,834p;ill.
500 _aIncludes index
500 _aIncludes index
650 _a_biology
700 _a_Arthur Talaro
980 _a^d20120816 06:47:23^okorir
999 _c12397
_d12397